| Art - Music/Opera | 10 | 24.00 | 100% | 90% | 50% |
| Art - Other | 4 | 17.50 | 75% | 75% | 25% |
| Art - Painting/Sculpture | 6 | 26.67 | 100% | 83% | 83% |
| Art - Visual | 4 | 22.50 | 100% | 100% | 25% |
| Current Events/Modern World - Rest of world political | 1 | 20.00 | 100% | 100% | 0% |
| Current Events/Modern World - Western social | 1 | 10.00 | 100% | 0% | 0% |
| Geography - Europe | 1 | 10.00 | 100% | 0% | 0% |
| Geography - Oceania/Pacific | 1 | 20.00 | 100% | 0% | 100% |
| Geography - United States | 1 | 20.00 | 100% | 100% | 0% |
| History - American | 7 | 22.86 | 100% | 100% | 29% |
| History - European | 7 | 21.43 | 100% | 71% | 43% |
| History - Other | 8 | 20.00 | 100% | 88% | 13% |
| History - World | 9 | 23.33 | 100% | 78% | 56% |
| Literature - American any | 2 | 20.00 | 100% | 100% | 0% |
| Literature - American long fiction | 2 | 20.00 | 100% | 100% | 0% |
| Literature - American poetry | 2 | 25.00 | 100% | 100% | 50% |
| Literature - British any | 1 | 20.00 | 100% | 100% | 0% |
| Literature - British drama | 1 | 10.00 | 100% | 0% | 0% |
| Literature - British long fiction | 3 | 26.67 | 100% | 100% | 67% |
| Literature - British poetry | 3 | 20.00 | 100% | 67% | 33% |
| Literature - British short fiction | 2 | 20.00 | 100% | 100% | 0% |
| Literature - European any | 1 | 20.00 | 100% | 100% | 0% |
| Literature - European drama | 2 | 25.00 | 100% | 100% | 50% |
| Literature - European long fiction | 6 | 20.00 | 100% | 83% | 17% |
| Literature - European poetry | 2 | 20.00 | 100% | 50% | 50% |
| Literature - World/Misc any | 2 | 25.00 | 100% | 100% | 50% |
| Literature - World/Misc long fiction | 3 | 23.33 | 100% | 100% | 33% |
| Literature - World/Misc poetry | 2 | 20.00 | 100% | 100% | 0% |
| Literature - World/Misc short fiction | 1 | 30.00 | 100% | 100% | 100% |
| Mythology - Egyptian | 1 | 20.00 | 100% | 100% | 0% |
| Mythology - Greco/Roman | 4 | 17.50 | 100% | 50% | 25% |
| Mythology - Hindu | 1 | 30.00 | 100% | 100% | 100% |
| Mythology - Mixed/Any | 2 | 15.00 | 100% | 50% | 0% |
| Other Academic/Cross-Category - Any | 2 | 20.00 | 100% | 50% | 50% |
| Philosophy - 20th century | 2 | 25.00 | 100% | 100% | 50% |
| Philosophy - Ancient | 1 | 20.00 | 100% | 100% | 0% |
| Philosophy - Enlightenment | 1 | 30.00 | 100% | 100% | 100% |
| Philosophy - Medieval | 1 | 10.00 | 100% | 0% | 0% |
| Philosophy - Mixed/Any | 2 | 20.00 | 100% | 100% | 0% |
| Philosophy - Pre-20th | 2 | 15.00 | 100% | 50% | 0% |
| Religion - Buddhism | 1 | 20.00 | 100% | 100% | 0% |
| Religion - Christianity/Judaism | 2 | 25.00 | 100% | 100% | 50% |
| Religion - Hinduism | 2 | 20.00 | 100% | 100% | 0% |
| Religion - Islam | 2 | 20.00 | 100% | 100% | 0% |
| Religion - Mixed/Any | 3 | 16.67 | 100% | 33% | 33% |
| Science - Astronomy | 1 | 30.00 | 100% | 100% | 100% |
| Science - Biology | 8 | 16.25 | 100% | 38% | 25% |
| Science - Chemistry | 11 | 20.00 | 100% | 73% | 27% |
| Science - Compsci | 3 | 16.67 | 100% | 67% | 0% |
| Science - Earth | 1 | 20.00 | 100% | 100% | 0% |
| Science - Engineering | 1 | 20.00 | 100% | 100% | 0% |
| Science - Other | 5 | 20.00 | 100% | 80% | 20% |
| Science - Physics | 10 | 16.00 | 90% | 50% | 20% |
| Social Science - Anthropology | 2 | 15.00 | 50% | 50% | 50% |
| Social Science - Economics | 4 | 15.00 | 100% | 50% | 0% |
| Social Science - Psychology | 1 | 20.00 | 100% | 100% | 0% |
| Social Science - Sociology | 1 | 20.00 | 100% | 100% | 0% |